000 00596nam a2200205Ia 4500
001 23555
003 GE_BSU
008 181216s||||||||xx |||||||||||||| ||und||
040 _cGE_BSU
245 _aЗемледелие №6 . 2018
245 _bТеоретический и научно-практический журнал
245 _cГл. ред. М.Ю. Гаитов
260 _aмосква
260 _c2018г
300 _a48ст;29см;
653 _aЗемледелие №6 . 2018
653 _aПериодика
653 _aპერიოდიკა
942 _cCR
999 _c56442
_d56442